000 00518nmm a2200169Ia 4500
008 251105s9999||||xx |||||||||||||||||und||
020 _a9788433998811
041 _aspa
100 _aGutiérrez, Pedro Juan
245 0 _aEstoico y frugal
264 _a[Madrid, España] :
_bEditorial Anagrama,
_c[Fecha de publicación no identificada]
300 _a0 páginas
490 _aNarrativas hispánicas
650 _aLatin American narrative
856 _uhttps://public.digitaliapublishing.com/a/79997
942 _cCF
999 _c82049
_d82049